000 00486pab a2200169 454500
008 180718b2010 xxu||||| |||| 00| 0 eng d
100 _aBharatam, Sai Sailaja
245 _aDerived demand for different modes of passenger and freight transportation in India with respect to increasing energy price levels
260 _c2010
300 _ap.152-162.
362 _aJun
650 _aTransport
700 _aSarma, I.R.S.
773 _aArtha Vijnana
908 _aN
909 _a90743
999 _c90743
_d90743